Bilecik Bilecik Bilecik Bilecik Bilecik

İşletmelerde kişi değerlemede psikoteknik/ (Record no. 15667)

MARC details
000 -BAŞLIK
Sabit Uzunluktaki Kontrol Alanı 01283nam a22003857a 4500
001 - KONTROL NUMARASI
Control Dosyası 0015705
003 - KONTROL NUMARASI KİMLİĞİ
Kontrol Alanı KOHA_MİRAKIL
005 - EN SON İŞLEM TARİHİ ve ZAMANI
Kontrol Alanı 20260207002039.0
007 - FİZİKSEL TANIM SABİT ALAN - GENEL BİLGİ
Sabit uzunluklu kontrol alanı ta
008 - SABİT UZUNLUKTAKİ VERİ ÖGELERİ - GENEL BİLGİ
Sabit Alan 100329b tu |||gr||||#||||0|tur |
040 ## - KATALOGLAMA KAYNAĞI
Özgün Kataloglama Kurumu TR-BiSEU
Kataloglama Dili tur
Çeviri Kurumu TR-BiSEU
Açıklama Kuralları rda
041 0# - DİL KODU
Metin ya da ses kaydının dil kodu tur
044 ## - YAYINLAYAN/ÜRETEN KURULUŞUN ÜLKE KODU
ISO country code tu
050 ## - SINIFLAMA ve YER NUMARASI
Sınıflama Numarası HD58.7
Yer Numarası .E73 [t.y.]
100 1# - KİŞİ ADI
Yazar Adı (Kişi adı) Erdoğan, İlhan.
245 1# - ESER ADI BİLDİRİMİ
Başlık İşletmelerde kişi değerlemede psikoteknik/
Sorumluluk Bildirimi İlhan Erdoğan ; İlhan Erdoğan.
264 #1 - ÜRERİM, YAYIN, DAĞITIM ve TELİF BİLDİRİMİ
Yayın yeri İstanbul :
Yayınlayan İstanbul Üniversitesi
Yayın tarihi [t.y.]
300 ## - FİZİKSEL TANIMLAMA
Sayfa, Cilt vb. 293 sayfa; 21 cm.
336 ## - İÇERİK TÜRÜ
Content type term metin
Content type code txt
Source rdacontent
337 ## - MEDYA TÜRÜ
Media type term aracısız
Media type code n
Source rdamedia
338 ## - TAŞIYICI TÜRÜ
Carrier type term cilt
Carrier type code nc
Source rdacarrier
490 1# - DİZİ BİLDİRİMİ
Dizi Bildirimi İstanbul Üniversitesi Yayın ;
Cilt Numarası No.
490 1# - DİZİ BİLDİRİMİ
Dizi Bildirimi 3106.
490 1# - DİZİ BİLDİRİMİ
Dizi Bildirimi İşletme Fakültesi Yayın ;
Cilt Numarası No.141.
490 1# - DİZİ BİLDİRİMİ
Dizi Bildirimi İşletme İktisadi Enstitüsü Yayın ;
Cilt Numarası No.59.
650 #0 - KONU BAŞLIĞI EK GİRİŞ - KONU TERİMİ
Konusal terim veya coğrafi ad Personel testleri.
9 (RLIN) 36423
650 #0 - KONU BAŞLIĞI EK GİRİŞ - KONU TERİMİ
Konusal terim veya coğrafi ad Örgütsel davranış.
9 (RLIN) 3926
650 #0 - KONU BAŞLIĞI EK GİRİŞ - KONU TERİMİ
Konusal terim veya coğrafi ad Organizational behavior.
9 (RLIN) 3925
650 #0 - KONU BAŞLIĞI EK GİRİŞ - KONU TERİMİ
Konusal terim veya coğrafi ad Staff tests.
9 (RLIN) 36424
830 1# - SERİ EK GİRİŞİ - TEKBİÇİM ESER ADI
Tekbiçim Başlık İstanbul Üniversitesi Yayın ;
Volume number/sequential designation No.
9 (RLIN) 24904
830 1# - SERİ EK GİRİŞİ - TEKBİÇİM ESER ADI
Tekbiçim Başlık 3106.
9 (RLIN) 36425
830 1# - SERİ EK GİRİŞİ - TEKBİÇİM ESER ADI
Tekbiçim Başlık İşletme Fakültesi Yayın ;
Volume number/sequential designation No.141.
9 (RLIN) 6975
830 1# - SERİ EK GİRİŞİ - TEKBİÇİM ESER ADI
Tekbiçim Başlık İşletme İktisadi Enstitüsü Yayın ;
Volume number/sequential designation No.59.
9 (RLIN) 36390
942 ## - EK GİRİŞ ÖGELERİ (KOHA)
Source of classification or shelving scheme Library of Congress Classification
Koha item type Book
Holdings
Materyal Türü Kalıcı Konum Mevcut Konum Raf Yeri Sınıflandırma Kaynağı Edinim Bilgisi Ana Konular Alt Konular Yer Numarası Demirbaş Numarası Fatura Tarihi Maliyet, Alış Fiyatı Maliyet, Yenileme Fiyatı Geri Çekilme Durumu Kayıp Durumu Hasarlı Durumu Kredi için değil Kayıt Tarih Toplam Ödünçverme Son Görülme Tarihi Son Kontrol Tarihi Genel / Bağış Notu
Book Prof. Dr. Azmi Özcan Kütüphanesi Prof. Dr. Azmi Özcan Kütüphanesi Uluğbey Salonu Library of Congress Classification Bağış SOSYAL BİLİMLER Endüstriler, Arazi Kullanımı, İşgücü HD58.7 .E73 [t.y.] 0015705 13/08/2010 3.00 3.00         29/03/2010   05/12/2024 05/12/2024 Genel Bağış